0 bis 100 in Alphabetischer Reihenfolge - Statistiken

Allgemein
  • Dieses Quiz wurde 263 mal gespielt
  • Das Durchschnittsergebnis liegt bei 44 aus 101
Antwortstatistiken
Nummer % Korrekt
acht
100%
achtundachtzig
74%
achtunddreißig
65%
achtundfünfzig
63%
achtundneunzig
60%
achtundsechzig
60%
achtundsiebzig
60%
achtundvierzig
60%
achtundzwanzig
58%
achtzehn
56%
drei
51%
dreiunddreißig
50%
dreiundachtzig
49%
dreiundfünfzig
49%
dreiundneunzig
49%
dreiundsechzig
49%
dreiundsiebzig
49%
dreiundvierzig
49%
dreiundzwanzig
49%
dreizehn
48%
achtzig
46%
dreißig
45%
eins
45%
einundachtzig
45%
einundfünfzig
45%
einundneunzig
45%
einundsechzig
45%
einundsiebzig
45%
einundvierzig
45%
einundzwanzig
45%
elf
45%
fünf
45%
fünfundachtzig
45%
fünfunddreißig
45%
fünfundfünfzig
45%
fünfundsechzig
45%
fünfundsiebzig
45%
fünfundvierzig
45%
fünfzehn
45%
einunddreißig
44%
fünfundneunzig
44%
fünfundzwanzig
44%
neun
44%
neunundachtzig
44%
neununddreißig
44%
neunundfünfzig
43%
einhundert
42%
fünfzig
42%
neunundneunzig
42%
neunundsechzig
42%
neunundsiebzig
42%
neunundvierzig
42%
neunundzwanzig
42%
neunzehn
42%
sechs
42%
neunzig
41%
sechsundachtzig
40%
sechsunddreißig
40%
sechsundfünfzig
40%
sechsundvierzig
40%
sechsundzwanzig
40%
sechzehn
40%
sieben
40%
siebenundachtzig
40%
siebenunddreißig
40%
sechsundneunzig
39%
sechsundsechzig
39%
sechsundsiebzig
39%
siebenundfünfzig
39%
siebenundneunzig
39%
siebenundsiebzig
39%
sechzig
38%
siebenundsechzig
38%
siebenundvierzig
38%
siebenundzwanzig
38%
siebzehn
38%
siebzig
38%
vier
38%
vierundachtzig
38%
vierunddreißig
38%
vierundneunzig
38%
zwei
38%
zweiundachtzig
38%
zweiunddreißig
38%
vierundfünfzig
37%
vierundsechzig
37%
vierundsiebzig
37%
vierundvierzig
37%
vierundzwanzig
37%
vierzehn
37%
vierzig
37%
zweiundfünfzig
37%
zweiundneunzig
37%
zweiundsechzig
37%
zweiundsiebzig
37%
zweiundvierzig
37%
zweiundzwanzig
37%
zwölf
37%
zwanzig
36%
null
35%
zehn
33%
Keine übereinstimmenden Quizze gefunden
Verteilung der Resultate
Anzahl Personen mit jedem Resultat
Perzentil nach korrekt beantworteten Fragen
Ihre Resultats-Entwicklung
Sie haben dieses Quiz noch nicht gespielt